Top 10 des gardiens avec la plus grosse valeur marchande - Foot - Statistiques

Statistiques générales
  • Ce quiz a été pris 46 fois
  • Le résultat moyen est 4 sur 10
Statistiques - réponses
Valeur Joueur % Correct
45 000 000 Gianluigi Donnarumma
93%
30 000 000 Lucas Chevalier
78%
35 000 000 David Raya
60%
40 000 000 Joan Garcia
55%
40 000 000 Gregor Kobel
45%
40 000 000 Diogo Costa
23%
28 000 000 Giorgi Mamardashvili
20%
30 000 000 Senne Lammens
15%
40 000 000 Bart Verbruggen
10%
35 000 000 Mile Svilar
8%
Aucun quiz correspondant
Distribution des résultats
% des personnes avec chaque résultat
Percentile par nombre de réponses
Votre historique - résultats
Vous n’avez pas pris ce quiz